Entry Nombre personal
001 - NÚMERO DE CONTROL
- campo de control: 234996
003 - IDENTIFICADOR DE NÚMERO DE CONTROL
- campo de control: SpMaBN
005 - FECHA Y HORA DE LA ÚLTIMA TRANSACCIÓN
- campo de control: 20240131163808.0
008 - ELEMENTOS DE DATO DE LONGITUD-FIJA
- campo de control de longitud fija: 020326n| aijnnaabn |a aaa
016 ## - NÚMERO DE CONTROL DE UNA AGENCIA BIBLIOGRÁFICA NACIONAL
- Número de control del registro: BNE20020732226
024 7# - IDENTIFICADOR DE OTROS ESTÁNDARES
- Número estándar o código: http://viaf.org/viaf/90672235/
- Fuente: viaf
040 ## - FUENTE DE CATALOGACIÓN
- Centro catalogador/agencia de origen: SpMaBN
- Lengua de catalogación: spa
- Centro/agencia transcriptor: SpMaBN
- Normas de descripción: rdc
- Convención/Normas de encabezamiento de materia/tesauro: embne
046 ## - FECHAS CON CODIFICACIÓN ESPECIAL
- Fecha de nacimiento: 1945
100 1# - ENCABEZAMIENTO-NOMBRE DE PERSONA
- Nombre de persona: Allende del Campo, Juan,
- Fechas asociadas al nombre: 1945-2022
370 ## - LUGAR ASOCIADO
- Lugar de nacimiento: España, Madrid (Comunidad Autónoma), Madrid
- Fuente del término: embne
372 ## - CAMPO DE ACTIVIDAD
- Campo de actividad: Grafología
- Campo de actividad: Enseñanza superior
- Fuente del término: embne
374 ## - OCUPACIÓN
- Ocupación: Grafólogos
- Ocupación: Profesores universitarios
- Fuente del término: embne
375 ## - GÉNERO/SEXO
- Género: Masculino
377 ## - IDIOMA ASOCIADO
- Término de lengua/lenguaje: Español
400 1# - TRAZADO DE VÉASE--NOMBRE DE PERSONA
- Nombre de persona: Allende del Campo, Juan Luis,
- Fechas asociadas al nombre: 1945-2022
400 1# - TRAZADO DE VÉASE--NOMBRE DE PERSONA
- Nombre de persona: Allende del Campo, J.,
- Fechas asociadas al nombre: 1945-2022
400 1# - TRAZADO DE VÉASE--NOMBRE DE PERSONA
- Nombre de persona: Allende, Juan Luis,
- Fechas asociadas al nombre: 1945-2022
670 ## - FUENTE DE DATOS ENCONTRADOS
- Cita de la fuente: Carácter, angustia, emotividad, resonancia y grafología, 2005
- Información encontrada: portada (Juan Allende del Campo) solapa (nacido el 2-3-1945)
670 ## - FUENTE DE DATOS ENCONTRADOS
- Cita de la fuente: Grafología, agresividad y autoestima, 2009
- Información encontrada: portada (Juan Luis Allende)
670 ## - FUENTE DE DATOS ENCONTRADOS
- Cita de la fuente: Grafopatología cerebral y organica, 2010
- Información encontrada: portada (Juan Luis Allende del Campo)
670 ## - FUENTE DE DATOS ENCONTRADOS
- Cita de la fuente: WWW Sencillez y Orden, 17-6-2019
- Información encontrada: (Juan Luis Allende del Campo; nacido en Madrid (España) el 2 de marzo de 1945. Licenciado en Derecho. Profesor de Grafología y Grafopatología de la Universidad Pontifica de Salamanca, ICE, y de Grafología y Grafopatología en la Asociación Grafopsicológica de España)
- Identificador Uniforme de Recursos: http://www.sencillezyorden.es/topic/entrevista-al-prof-juan-lu is-allende-del-campo/
